Statistics for Biggest Cities in Italy

Click here to take the quiz!

General Stats

  • This quiz has been taken 112,067 times
    (80,422 since last reset)
  • The average score is 10 of 20

Answer Stats

PopulationCity% Correct
2,808,293Rome
100%
1,406,242Milan
96%
948,850Naples
92%
258,685Venice
90%
366,927Florence
86%
857,910Turin
80%
647,422Palermo
69%
565,752Genoa
64%
395,416Bologna
59%
259,087Verona
50%
315,284Bari
49%
200,455Parma
34%
201,613Trieste
33%
296,266Catania
32%
210,077Padua
27%
189,013Modena
22%
227,424Messina
21%
196,340Brescia
19%
191,050Taranto
16%
194,223Prato
10%

Score Distribution

Percentile by Number Answered

Percent of People with Each Score

Your Score History

You have not taken this quiz since the last reset